1785 1014 1390 1003 1736 1958 1332 1778 1019 1733 1213 1373 1991 1330 1208 1722 1657 1752 1309 1795 1410 1395 1207 1754 1352 1856 1706 1207 1913 1261 1092 1114 1720 1796 1621 1075 1342 1774 1644 1777 1012 1561 1861 1415 1306 1894 1659 1146 1875 1408 1532 1527 1954 1424 1827 1594 1833 1558 1924 1466 1649 1628 1368 1687 1716 1739 1578 1123 1565 1128 1749 1231 1878 1274 1762 1030 1100 1718 1432 1711 1499 1397 1715 1607 1068 1672 1458 1399 1692 1136 1414 1864 1824 1982 1986 1404 1142 1560 1321 BCNSPRNW ULIB Ver.6.0+V

เปลี่ยนเป็นภาษาไทย

Change to English
 แสดงรายละเอียดบรรณานุกรม
  กลับหน้าหลัก

Brief Record : Get Marc (ISO 2709) : E-mail record : QR code < ปิดหน้าต่าง
LEADER : 00000nam 2200000uu 4500
001    13399111905
003     ULIB
008    110712s2554||||th 000 0 tha d
020    9789746690232
060 04 WY157^bม836ก 2554
100 0   มาลีวัล เลิศสาครศิริ
245    การพยาบาลหญิงตั้งครรภ์ที่มีภาวะแทรกซ้อน ฉบับปรับปรุง /^cมาลีวัล เลิศสาคร
250    พิมพ์ครั้งที่ 1
260    กรุงเทพฯ :^bวิทยาลัยเซนต์หลุยส์,^c2554
300    142 หน้า
650  7 เจ็บครรภ์
650  7 คลอดก่อนกำหนด
945    ^p180^l0^i030575
995    เกษร
999    ^aใช้งานได้ทุกระบบ
รายการนี้ยังไม่มีแท็ก
คุณยังไม่ได้ล็อกอิน คุณสามารถมีกิจกรรมร่วมกับเว็บไซต์ได้ แต่ต้องล็อกอินก่อน ::
  ล็อกอิน

รายการสื่อสารสนเทศ

ลำดับที่ ประเภท เลขเรียก/บาร์โค้ด สถานที่ สถานะ
1. วิทยาศาสตร์การแพทย์ และสุขภาพ
หนังสือสำรอง
สถานะ=หนังสือสำรอง
WY157 ม836ก 2554 ฉ.1 
  Barcode: 030575
ห้องสมุดวิทยาเขตสวรรค์ประชารักษ์
►ส่วนจัดเก็บหนังสือเก่า สปร
บนชั้น
  ขอยืม

รายการใกล้เคียง
    หัวเรื่อง [เจ็บครรภ์]
    หัวเรื่อง [คลอดก่อนกำหนด]

BibComment


ยังไม่เคยถูกคอมเมนท์

คอมเมนท์ทรัพยากรรายการนี้
  คอมเมนท์: การพยาบาลหญิงตั้ง..


 Copyright 2026. Bcnsprnw @Library